menu burger king - Statistiques

Statistiques générales
  • Ce quiz a été pris 295 fois
  • Le résultat moyen est 5 sur 15
Statistiques - réponses
chiffres reponse % Correct
7 double whopper
77%
1 whopper
77%
2 big king
74%
9 double steakhouse
71%
8 steakhouse
69%
13 big fish
33%
14 king nuggets
23%
10 triple cheese
20%
11 veggie
20%
5 master poulet
18%
12 big king XXL
17%
15 king deal
14%
6 master bacon grill
10%
4 louisiana
6%
3 master auvergat
2%
Aucun quiz correspondant
Distribution des résultats
% des personnes avec chaque résultat
Percentile par nombre de réponses
Votre historique - résultats
Vous n’avez pas pris ce quiz